Научно-прикладной справочник по климату СССР. Вып. 7: Белорусская ССР (Запись № 6982074)

Подробности
000 -МАРКЕР
контрольное поле 01264nam2a22002411 4500
001 - ИДЕНТИФИКАТОР ЗАПИСИ
контрольное поле rc\566424
005 - ИДЕНТИФИКАТОР ВЕРСИИ
контрольное поле 20250621232659.0
035 ## - ДРУГИЕ СИСТЕМНЫЕ НОМЕРА
Идентификатор записи (NLR Aleph) 005976303
100 ## - ДАННЫЕ ОБЩЕЙ ОБРАБОТКИ
Данные общей обработки 20070321d1987 |||y0rusy50 ca
101 0# - ЯЗЫК РЕСУРСА
Язык текста, звукозаписи и т.д. русский
102 ## - СТРАНА ПУБЛИКАЦИИ ИЛИ ПРОИЗВОДСТВА
Страна публикации Российская Федерация
105 ## - ПОЛЕ КОДИРОВАННЫХ ДАННЫХ: ТЕКСТОВЫЕ МАТЕРИАЛЫ, МОНОГРАФИЧЕСКИЕ
Кодированные данные о монографическом текстовом документе a |||||||||
200 1# - ЗАГЛАВИЕ И СВЕДЕНИЯ ОБ ОТВЕТСТВЕННОСТИ
Основное заглавие Белорусская ССР
Первые сведения об ответственности [Подгот. к. т. н. И.А. Савиковским, З.Х. Таутиевой, к. г. н. Г.В. Волобуевой и др.
Последующие сведения об ответственности Редкол.: д. г. н. Е.П. Борисенков (пред.)]
210 ## - ПУБЛИКАЦИЯ, РАСПРОСТРАНЕНИЕ И ДР.
Дата издания, распространения и т.д. 1987
Место издания, распространения и т.д. Б. м.
215 ## - ФИЗИЧЕСКАЯ ХАРАКТЕРИСТИКА
Специфическое обозначение материала и объем 302 с.
Другие сведения о физической характеристике ил.
Размеры 24
320 ## - ПРИМЕЧАНИЯ О НАЛИЧИИ В ДОКУМЕНТЕ БИБЛИОГРАФИИ / УКАЗАТЕЛЯ
Текст примечания Библиогр.: с. 302
461 #0 - УРОВЕНЬ НАБОРА
Встроенное поле 001rc\1188567
-- 2001#$aНаучно-прикладной справочник по климату СССР$eСер. 3. Многолет. данные$fГос. ком. СССР по гидрометеорологии$vВып. 7
Системный номер (АБИС) связанной записи 6956875
Место публикации Л.
Дата публикации 1987-
Первые сведения об ответственности Гос. ком. СССР по гидрометеорологии
Имя издателя, распространителя и т.д. Гидрометеоиздат
Сведения, относящиеся к заглавию Сер. 3. Многолет. данные
Заглавие Научно-прикладной справочник по климату СССР
Номер тома Вып. 7
801 #0 - ИСТОЧНИК ЗАПИСИ
Страна Российская Федерация
Организация NLR
Правила каталогизации psbo
801 #1 - ИСТОЧНИК ЗАПИСИ
Страна Российская Федерация
Организация ELAR
Источник данных rusmarc
852 ## - МЕСТОНАХОЖДЕНИЕ И ШИФР ХРАНЕНИЯ
Идентификатор организации NLR
Шифр хранения (Call Number) 88-7/36
942 ## - ДОПОЛНИТЕЛЬНЫЕ ЭЛЕМЕНТЫ ЗАПИСИ (АБИС)
Тип экземпляра АБИС Книга
980 ## - КОЛЛЕКЦИЯ
Название коллекции Национальная библиография
Экземпляры
Тип экземпляра Дата поступления Библиотека постоянного хранения Библиотека текущего хранения Место хранения Шифр хранения Штрих-код Статус экземпляра
Книга 26.10.2013 РНБ (Московский) РНБ (Московский) Русский книжный фонд: издания с 1957 года 88-7/36 1-1054778